Word Ladder: Christmas Carol Quiz Stats

 Plays Quiz Updated Dec 16, 2017

Challenge
Share
Tweet
Embed
Score 0/26 Timer 02:00
3 Plays Today
Clue 4-Letter Word % Correct
Tallest chess piece❄ KING ❄
94.1%
Not bad; satisfactory❄ GOOD ❄
91.6%
Sound of a small metallic bellTING
91.6%
'Better late ____ never'THAN
91%
Discover; unearthFIND
89.7%
Warm-heartedKIND
89.3%
Roasted chestnuts, gingerbread, ham, e.g.FOOD
89.1%
Like some memories and farewellsFOND
85.6%
Back in the dayTHEN
82.6%
Part of a forkTINE
82.3%
Ghost of Christmas ____PAST
81.5%
A question of time❄ WHEN ❄
78.1%
Drop in the mailPOST
73%
Clue 4-Letter Word % Correct
What this isn'tTHAT
71.2%
Expenditure; priceCOST
70.6%
Shoot the breezeCHAT
67.3%
You, in the BibleTHEE
65.8%
What Simon does❄ SAYS ❄
65.3%
Cry on a roller coasterWHEE
65.2%
Winter warmerCOAT
64.7%
Scottish miss❄ LASS ❄
59%
Daly of 'Cagney & Lacey'TYNE
54%
Impertinence; spunkSASS
53.9%
Throw; disregardPASS
52.8%
Country, in FrenchPAYS
48.7%
Prized Pacific salmonTYEE
40.7%

Today's Daily Dose

You're not logged in!

Compare scores with friends on all Sporcle quizzes.
Join for Free
OR
Log In

You Might Also Like...

Show Comments

Extras

Top Quizzes Today


Score Distribution

Your Account Isn't Verified!

In order to create a playlist on Sporcle, you need to verify the email address you used during registration. Go to your Sporcle Settings to finish the process.

Report this User

Report this user for behavior that violates our Community Guidelines.

Details: